El carácter de las mujeres / (Record no. 144967)

MARC details
000 -LEADER
campo de control de longitud fija 00565nam a2200193 4500
001 - NÚMERO DE CONTROL
campo de control 144967
003 - IDENTIFICADOR DE NÚMERO DE CONTROL
campo de control ES-MaACL
005 - FECHA Y HORA DE LA ÚLTIMA TRANSACCIÓN
campo de control 20230906201133.0
007 - CAMPO FIJO DE DESCRIPCIÓN FÍSICA--INFORMACIÓN GENERAL
campo de control de longitud fija t|
008 - DATOS DE LONGITUD FIJA--INFORMACIÓN GENERAL
campo de control de longitud fija 070214s1969 sp r ||||1| spa d
080 ## - NÚMERO DE LA CLASIFICACIÓN DECIMAL UNIVERSAL
Número de la Clasificación Decimal Universal 159.923-055.2
100 1# - ENTRADA PRINCIPAL--NOMBRE DE PERSONA
Nombre de persona Simon, Suzanne.
9 (RLIN) 106535
245 13 - MENCIÓN DEL TÍTULO
Título El carácter de las mujeres /
Mención de responsabilidad, etc. Suzanne Simon ; versión de Josep A. Pombo.
260 ## - PUBLICACIÓN, DISTRIBUCIÓN, ETC.
Lugar de publicación, distribución, etc. Barcelona :
Nombre del editor, distribuidor, etc. Herder,
Fecha de publicación, distribución, etc. 1969.
300 ## - DESCRIPCIÓN FÍSICA
Extensión 271 p. ;
Dimensiones 20 cm.
650 04 - PUNTO DE ACCESO ADICIONAL DE MATERIA--TÉRMINO DE MATERIA
Término de materia o nombre geográfico como elemento de entrada Mujeres-
Subdivisión general Psicología.
9 (RLIN) 15309
700 1# - ENTRADA AGREGADA--NOMBRE PERSONAL
Nombre de persona Pombo, Josep A.
9 (RLIN) 92907
852 ## - LOCALIZACIÓN
Ubicación ES-MaACL
Número de control de estantería C-39482
Sublocalización o colección R.70524
Holdings
Estatus retirado Estado de pérdida Estado de daño No para préstamo Biblioteca de origen Biblioteca actual Ubicación en estantería Fecha de adquisición Fuente de adquisición Total de préstamos Signatura topográfica completa Código de barras Visto por última vez Precio de reemplazo Tipo de ítem Koha
        Biblioteca del Ateneo de Madrid Biblioteca del Ateneo de Madrid Depósito 2 17/01/2008     C-39482 1151280 23/02/2023 23/02/2023 Libro impreso